Statistiques concernant Les sept Merveilles du monde

Cliquez ici pour prendre le quiz!

Statistiques générales

  • Ce quiz a été pris 65 412 fois
  • Le résultat moyen est 5 sur 7

Statistiques - réponses

nbMerveille% Correct
1La grande {pyramide} de Gizeh
95%
7Le {phare} d'Alexandrie
82%
2Les {jardins} {suspendus} de Babylone
73%
6Le {Colosse} de Rhodes
66%
3La statue chryséléphantine de {Zeus} à Olympie
65%
4Le temple d'{Artémis} à Éphèse
38%
5Le {mausolée} d'Halicarnasse
31%

Distribution des résultats

Percentile par nombre de réponses

% des personnes avec chaque résultat

Votre développement - résultats

Vous n’avez pas pris ce quiz